Vorträge über allgemeine Hüttenkunde gehalten an der Berg- und Gewerbsschule zu Lüttich: in 3 Bänden; Band 1, Theil 1; Die mechanische Aufbereitung der Erze und Steinkohlen (Complet in einem Bande)
| Автор: | |
|---|---|
| Резюме: | Напечатано готическим шрифтом В описании используется грамматика 19 века Раздельная пагинация страниц Nach dem Tode des Verfassers von August Gillon herausgegeben |
| Мова: | Німецька |
| Опубліковано: |
Leipzig, Verlag von Wolfgang Gerhard, 1860
|
| Редагування: | Neue wohlfeile Ausgabe |
| Предмети: | |
| Формат: | Книга |
| KOHA link: | https://koha.lib.tpu.ru/cgi-bin/koha/opac-detail.pl?biblionumber=679023 |
MARC
| LEADER | 00000nam0a2200000 4500 | ||
|---|---|---|---|
| 001 | 679023 | ||
| 005 | 20251010103154.0 | ||
| 090 | |a 679023 | ||
| 100 | |a 20250310d1860 m||y0rusy50 ba | ||
| 101 | 0 | |a ger | |
| 102 | |a DE | ||
| 105 | |a a j 000yy | ||
| 181 | 0 | |a i |b e | |
| 182 | 0 | |a n | |
| 183 | 0 | |a nc |2 RDAcarrier | |
| 200 | 1 | |a Vorträge über allgemeine Hüttenkunde gehalten an der Berg- und Gewerbsschule zu Lüttich |e in 3 Bänden |h Band 1, Theil 1 |i Die mechanische Aufbereitung der Erze und Steinkohlen (Complet in einem Bande) |f Adolph Lesoinne | |
| 203 | |a Текст |b визуальный |c непосредственный | ||
| 205 | |a Neue wohlfeile Ausgabe | ||
| 210 | |a Leipzig |c Verlag von Wolfgang Gerhard |d 1860 | ||
| 215 | |a [2], VIII, 185 S., X gef. Taf. |c Mit 10 lithographirten Tafeln | ||
| 283 | |a volume |2 RDAcarrier | ||
| 300 | |a Напечатано готическим шрифтом | ||
| 300 | |a В описании используется грамматика 19 века | ||
| 300 | |a Раздельная пагинация страниц | ||
| 300 | |a Nach dem Tode des Verfassers von August Gillon herausgegeben | ||
| 316 | |5 63413507: 9192 |a На авантитуле владельческая надпись: "G. Romanovskij" | ||
| 316 | |5 63413507: 9192 |a На титульном листе владельческая надпись: "Genn. Romanovskij" | ||
| 316 | |5 63413507: 9192 |a На полях и в тексте пометы карандашом | ||
| 317 | |5 63413507: 9192 |a Приобретен ТТИ в 1908 г. для Горного отделения В. А. Обручевым и Л. Л. Тове из библиотеки профессора Горного института Г. Д. Романовского | ||
| 541 | 1 | |a Лекции по общей металлургии, читанные в Горной ремесленной школе г. Льеж. |z rus | |
| 606 | 1 | |a Металлургия общая |9 62604 | |
| 610 | 1 | |a руда | |
| 610 | 1 | |a каменный уголь | |
| 610 | 1 | |a механическая переработка | |
| 610 | 1 | |a методы | |
| 610 | 1 | |a сортировка | |
| 610 | 1 | |a измельчение | |
| 610 | 1 | |a дробление | |
| 610 | 1 | |a обогащение | |
| 610 | 1 | |a обмывка | |
| 610 | 1 | |a обжигание | |
| 610 | 1 | |a выветривание | |
| 610 | 1 | |a рудоразмольные мельницы | |
| 610 | 1 | |a барабанные мельницы | |
| 610 | 1 | |a печи для обжига | |
| 610 | 1 | |a концентрационный стол | |
| 610 | 1 | |a шламовые грабены | |
| 610 | 1 | |a лекции | |
| 610 | 1 | |a владельческие надписи | |
| 610 | 1 | |a Библиотека Г. Д. Романовского | |
| 610 | 1 | |a немецкий язык | |
| 675 | |a 669(07) |v 4 | ||
| 700 | 1 | |a Lesoinne |b A. |g Adolph | |
| 801 | 0 | |a RU |b 63413507 |c 20250310 | |
| 830 | |a Ретро2025Каталогизация Кузнецова (РФ) | ||
| 850 | |a 63413507 | ||
| 942 | |c BK | ||